• 首页
  • 本馆介绍
  • 公告通知
  • 最新文献
  • 馆藏检索
  • 电子资源
  • 读者导购
  • 参考咨询
  • 我的图书馆
  • 登录
  • 详细信息显示
  • 放入我的书架
  • 预约/预借图书
  • 作者相关作品
  • 分类相关作品
  • 丛书相关作品
  • 出版社相关作品

书目信息

  • 表格格式
  • 工作单格式
  • 卡片格式
题名:
水土保持
    
 
作者: 杨育红 著
分册:  
出版信息: 北京   中国水利水电出版社  2017
页数: 205页
开本: 24cm
丛书名:
单 册:
中图分类: X501
科图分类:
主题词: 小流域--xiao liu yu--农业污染源--面源污染--污染防治--研究--中国
电子资源:
ISBN: 978-7-5170-4942-5
000 01184nam0 2200289 450
001 012001003815
005 20131105173914.0
010    @a978-7-5170-4942-5@dCNY42.00
099    @aCAL 012017057848
100    @a20170414d2017 em y0chiy50 ea
101 0  @achi
102    @aCN@b110000
105    @aak a 000yy
106    @ar
200 1  @a水土保持@Ashui tu bao chi@e解围小流域面源污染@f杨育红著
210    @a北京@c中国水利水电出版社@d2017
215    @a205页@c图@d24cm
300    @a国土资源部“中原地区土地资源综合监测与持续利用”野外科学观测研究基地开放基金课题 (FOB201504) 华北水利水电大学高层次人才科研启动项目 (40103)
320    @a有书目
330    @a本书的主要内容为农业面源污染研究。本书主要围绕当前小流域面源污染的实际情况,结合实际案例,主要分析了土壤侵蚀以及面源污染的来源、迁移、防治效果以及动态优化配置措施。
333    @a本书可以为农业经济发展研究人员和农村环境保护人员使用。
517 1  @a解围小流域面源污染@Ajie wei xiao liu yu mian yuan wu ran
606 0  @a小流域@Axiao liu yu@x农业污染源@x面源污染@x污染防治@x研究@y中国
690    @aX501@v5
701  0 @a杨育红@Ayang yu hong@4著
801  2 @aCN@b上海新华@c20191020
905    @b1206744-7@dX501@e233@f4
    
    水土保持:解围小流域面源污染/杨育红著.-北京:中国水利水电出版社,2017
    205页:图;24cm
    国土资源部“中原地区土地资源综合监测与持续利用”野外科学观测研究基地开放基金课题 (FOB201504) 华北水利水电大学高层次人才科研启动项目 (40103).-使用对象:本书可以为农业经济发展研究人员和农村环境保护人员使用。
    
    ISBN 978-7-5170-4942-5:CNY42.00
    本书的主要内容为农业面源污染研究。本书主要围绕当前小流域面源污染的实际情况,结合实际案例,主要分析了土壤侵蚀以及面源污染的来源、迁移、防治效果以及动态优化配置措施。
●
相关链接 在E读中查询图书 在五车中查询图书 在当当中查询图书 在豆瓣中查询图书


正题名:水土保持     索取号:X501/233         预约/预借

序号 登录号 条形码 馆藏地/架位号 状态 备注
1 1206744   212067449   第二样本阅览室/ [索取号:X501/233] 在馆    
2 1206745   212067458   第三借阅区/ [索取号:X501/233] 在馆    
3 1206746   212067467   第三借阅区/ [索取号:X501/233] 在馆    
4 1206747   212067476   第三借阅区/ [索取号:X501/233] 在馆    
唐山师范学院图书馆 欢迎您!
大连网信软件有限公司© 版权所有